costa Rica: Evolución económica durante 1995
Sábháilte in:
| Údar corparáideach: | |
|---|---|
| Formáid: | Téacs |
| Foilsithe / Cruthaithe: |
México D.F.:
CEPAL
|
| Clibeanna: |
Cuir clib leis
Níl clibeanna ann, Bí ar an gcéad duine le clib a chur leis an taifead seo!
|
MARC
| LEADER | 00000 a a2200000 04500 | ||
|---|---|---|---|
| 001 | 23417 | ||
| 003 | |||
| 040 | |||
| 090 | |a 162700 | ||
| 110 | |a CEPAL | ||
| 245 | |a costa Rica: Evolución económica durante 1995 | ||
| 260 | |a México D.F.: |b CEPAL | ||
| 300 | |a 37 p. |b **no definido** | ||
| 999 | |c 7279 |d 7279 | ||
